000
00177nam a22000857a 4500
082
_a
823
100
_a
JENNIFER MULHERIN
245
_a
S'PEARE FOR EVERYONE - RICHARD III
942
_c
BK
999
_c
8523
_d
8523